[Event "Sonnevanck"]
[Site "Wijk aan Zee"]
[Date "1992.??.??"]
[Round "8"]
[White "Armas, Iulius"]
[Black "Van Mil, Johannes A J"]
[Result "1/2-1/2"]
[WhiteElo "2440"]
[BlackElo "2450"]

1.e4 c5 2.Nf3 e6 3.d4 cxd4 4.Nxd4 Nc6 5.Nb5 d6 6.c4 Nf6 7.N1c3 a6 8.Na3 b6
9.Be2 Bb7 10.O-O Be7 11.b3 O-O 12.Bb2 Rc8 13.Rc1 Nb4 14.Bf3 Rc7 15.Nc2 Nxc2
16.Rxc2 Rd7 17.Qe2 Qb8 18.Rd1 Rfd8 19.g3 Bc6 20.Bg2 Rc7 21.e5 dxe5 22.Rxd8+ Qxd8
23.Qxe5 Bxg2 24.Kxg2 Rd7 25.Ne4 Rd1 26.Nxf6+ Bxf6 27.Qe2 Bxb2 28.Rxb2 Qa8+
29.f3 Qd8 30.Qe3 h5 31.Rc2 Qd6 32.c5 bxc5 33.Qxc5 Rd2+ 34.Kh3 Qxc5 35.Rxc5 Rxa2
36.Rxh5 Rf2 37.Kg4 f5+ 38.Kf4 Rb2 39.g4 g6 40.Rh6 Rxb3 41.Rxg6+ Kf7 42.gxf5 exf5
43.Rxa6 Kg7 44.h4 Rc3 45.h5 Rb3 46.Rg6+ Kh7 47.Rf6 Kg7 48.Rxf5 Rb1 49.Ra5 Kh6
50.Kg3 Rg1+ 51.Kf2 Rb1 52.Rc5 Ra1 53.Rb5 Rc1 54.Ke3 Re1+ 55.Kd4 Rd1+ 56.Ke4 Re1+
57.Kf5 Kxh5 58.Kf6+ Kh6 59.Rb2 Kh7 60.Kf7 Rh1 61.f4 Rh5 62.Kf6 Ra5 63.Rb7+ Kg8
64.Rb8+ Kh7 65.Re8 Ra6+ 66.Kf7 Ra4 67.f5 Ra5 68.f6 Ra7+ 69.Ke6 Ra6+ 70.Kf5 Ra5+
71.Re5 Ra1 72.Re8 Ra5+ 73.Ke6 Ra6+ 74.Kf7 Ra7+ 75.Re7 Ra8 76.Rb7 Kh6 77.Rd7 Kh7
78.Re7 Kh6 79.Re8 Ra7+ 80.Ke6 Ra6+ 81.Kf5 Ra5+ 82.Re5 Ra1 83.Re4 Kh7 84.Re8 Ra5+  1/2-1/2

[Event "Zalaegerszeg op"]
[Site "Zalaegerszeg"]
[Date "1992.??.??"]
[Round "?"]
[White "Wallner, Alfred"]
[Black "Michaelsen, Nils"]
[Result "0-1"]
[WhiteElo "2215"]
[BlackElo "2405"]

1.e4 c5 2.Nf3 Nc6 3.d4 cxd4 4.Nxd4 e6 5.Nb5 d6 6.c4 Nf6 7.N1c3 a6 8.Na3 Be7
9.Be2 O-O 10.Be3 b6 11.O-O Ne5 12.f3 Qc7 13.Qe1 Rb8 14.Qf2 Re8 15.Rac1 Bf8
16.g4 Nfd7 17.f4 Nc6 18.Nc2 Bb7 19.Bf3 Ba8 20.b3 Rbc8 21.Nd4 Qb8 22.Bg2 b5
23.cxb5 Nxd4 24.Bxd4 axb5 25.a4 bxa4 26.bxa4 Rc4 27.f5 Ne5 28.fxe6 fxe6 29.Bxe5 dxe5
30.Qf7+ Kh8 31.Nb5 Rxc1 32.Rxc1 Re7 33.Qf2 Kg8 34.Qc2 Qb6+ 35.Qc5 Rc7  0-1

[Event "AUT-chT"]
[Site "?"]
[Date "1993.??.??"]
[Round "?"]
[White "Mokry, Karel"]
[Black "Horvath, Jozsef"]
[Result "1/2-1/2"]
[WhiteElo "2525"]
[BlackElo "2535"]

1.e4 c5 2.Nf3 e6 3.d4 cxd4 4.Nxd4 Nc6 5.Nb5 d6 6.c4 Nf6 7.N5c3 a6 8.Be2 b6
9.Be3 Be7 10.O-O O-O 11.f4 Bb7 12.Bf3 Rc8 13.Nd2 Na5 14.Qe2 d5 15.Rad1 Nxc4
16.Nxc4 Rxc4 17.exd5 Bxd5 18.Nxd5 exd5 19.b3 Rc3 20.Kh1 b5 21.Bd4 Rc6 22.Bxf6  1/2-1/2

[Event "AUT-chT2S 9293"]
[Site "AUT"]
[Date "1993.??.??"]
[Round "?"]
[White "Zupe, Miran"]
[Black "Horvath, Gyula"]
[Result "1-0"]
[WhiteElo "2310"]
[BlackElo "2445"]

1.e4 c5 2.Nf3 e6 3.d4 cxd4 4.Nxd4 Nc6 5.Nb5 d6 6.c4 Nf6 7.N1c3 a6 8.Na3 Be7
9.Be2 b6 10.O-O Bb7 11.Be3 Nb8 12.f3 Nbd7 13.Qd2 O-O 14.Rac1 Qc7 15.Rfd1 Rac8
16.Kh1 Rfe8 17.Bf1 Qb8 18.Nab1 Bc6 19.b4 Bb7 20.a3 h6 21.Qa2 Bd8 22.Bg1 Bc7
23.Nd2 Qa8 24.Nb3 Ne5 25.Nd4 Bd8 26.Qb3 Bc7 27.Nc2 Red8 28.Na4 Ned7 29.Nd4 Ne5
30.Nc3 Kh8 31.Qb2 Ng6 32.Nb3 Ne5 33.Na4 Ned7 34.Bd4 Qb8 35.Bg1 Bc6 36.Nc3 Qa8
37.a4 Ne5 38.Qa3 Be8 39.Na2 Qc6 40.a5 bxa5 41.b5 axb5 42.cxb5 Qb7 43.Nxa5 Bxa5
44.Qxa5 d5 45.Nc3 Rd7 46.exd5 Nxd5 47.Nxd5 Rxc1 48.Rxc1 Rxd5 49.Rc7 Qb8 50.Qc3 Bd7
51.b6 Kh7 52.f4 Ng6 53.Qb4 e5 54.fxe5 Be6 55.Qb1 Rxe5 56.Bd3 Rd5 57.Bc4 Bf5
58.Qf1 Re5 59.Rxf7 Be4 60.Bd4 Re7 61.Bxg7  1-0

[Event "Baden-Baden op"]
[Site "Baden-Baden"]
[Date "1993.??.??"]
[Round "6"]
[White "Enders, Peter"]
[Black "Kabatianski, Alexandr"]
[Result "0-1"]
[WhiteElo "2480"]
[BlackElo "2335"]

1.e4 c5 2.Nf3 e6 3.d4 cxd4 4.Nxd4 Nc6 5.Nb5 d6 6.c4 Nf6 7.N1c3 a6 8.Na3 b6
9.Be2 Bb7 10.O-O Ne5 11.Be3 Be7 12.f3 Rc8 13.Qd4 Ned7 14.b4 O-O 15.Rfd1 a5
16.Ncb5 axb4 17.Nc2 d5 18.e5 Bc5 19.Qb2 Ne8 20.Kh1 Qh4 21.cxd5 Bxd5 22.Bd2 Qh5
23.Bf4 f6 24.Rxd5 exd5 25.e6 Ne5 26.Bg3 Nd6 27.Nbd4 Nf5 28.Bf2 Nxd4 29.Nxd4 Nc4
30.Qc1 Bxd4 31.Bxd4 Rfe8 32.g4 Qg6 33.Qd1 Qg5 34.Bd3 g6 35.Rc1 Qf4 36.Bf2 Rxe6
37.Kg2 Rce8 38.Bxc4 dxc4 39.Qd5 Qxc1  0-1

[Event "JUG-chT (Women)"]
[Site "Becici"]
[Date "1993.??.??"]
[Round "?"]
[White "Nikolin, Zorica"]
[Black "Micic, Snezana"]
[Result "1-0"]
[WhiteElo "2250"]
[BlackElo "2220"]

1.e4 c5 2.Nf3 Nc6 3.d4 cxd4 4.Nxd4 e6 5.Nb5 d6 6.c4 Nf6 7.N1c3 a6 8.Na3 Be7
9.Be2 O-O 10.O-O b6 11.Be3 Bb7 12.f3 Rc8 13.Rc1 Nd7 14.Qd2 Kh8 15.Rfd1 Rg8
16.Bf1 g5 17.Qf2 Nc5 18.Nab1 Qf8 19.Nd2 Bf6 20.Nb3 Be5 21.Nd4 Qh6 22.g3 Qg7
23.Bg2 Nb4 24.Qf1 h5 25.a3 Nc6 26.Nxc6 Bxc6 27.Qf2 Na4 28.Nxa4 Bxa4 29.Rd2 b5
30.c5 dxc5 31.Rxc5 Rxc5 32.Bxc5 Rc8 33.b4 Qf6 34.Rd3 Bc7 35.Qd2 Rd8 36.Rxd8+ Qxd8
37.Qxd8+ Bxd8 38.Kf2 Bf6 39.Ke3 Bb2 40.Bd4+ Bxd4+ 41.Kxd4 Kg7 42.f4 gxf4
43.gxf4 Kf6 44.h4 Bd1 45.Bh3 Ke7 46.e5 Bg4 47.Bg2 Kd7 48.Be4 Be2 49.Kc5 Kc7
50.Bh7 Kd7 51.Kb6 Ke7 52.Be4  1-0

[Event "Berks & Bucks"]
[Site "?"]
[Date "1993.??.??"]
[Round "3"]
[White "Taylor, Peter"]
[Black "Cummings, David H"]
[Result "0-1"]
[WhiteElo "2210"]
[BlackElo "2410"]

1.e4 c5 2.Nf3 e6 3.d4 cxd4 4.Nxd4 Nc6 5.Nb5 d6 6.c4 Nf6 7.N1c3 a6 8.Na3 Be7
9.Be2 O-O 10.O-O b6 11.Be3 Bb7 12.f4 Rc8 13.Bf3 Qc7 14.Rc1 Rfe8 15.Qe2 Nd7
16.Rfd1 Qb8 17.Nab1 Nc5 18.Nd2 Bf6 19.Nf1 g6 20.g4 Bg7 21.Qg2 Ba8 22.h4 Nb4
23.Bxc5 bxc5 24.g5 Nc6 25.Nh2 Nd4 26.Ng4 Qb7 27.Nf6+ Bxf6 28.gxf6 Qc7 29.Rxd4 cxd4
30.Qg5 Kh8 31.Nd1 Qc5 32.Qh6 Rg8 33.Nf2 d3 34.Kg2 Qd4 35.e5 Bxf3+ 36.Kxf3 d2
37.Rg1 dxe5 38.fxe5 Rxc4 39.Nh3 d1=Q+ 40.Rxd1 Qxd1+ 41.Kf2 Rc2+ 42.Kg3 Qd3+  0-1

[Event "Berliner Sommer"]
[Site "Berlin"]
[Date "1993.??.??"]
[Round "?"]
[White "Suetin, Alexey S"]
[Black "Ruzele, Darius"]
[Result "0-1"]
[WhiteElo "2380"]
[BlackElo "2500"]

1.e4 c5 2.Nf3 e6 3.d4 cxd4 4.Nxd4 Nc6 5.Nb5 d6 6.c4 Nf6 7.N1c3 a6 8.Na3 b6
9.Be2 Bb7 10.O-O Ne5 11.f4 Ned7 12.Bf3 Be7 13.Qe2 O-O 14.g4 h6 15.h4 Nh7
16.g5 hxg5 17.fxg5 Ne5 18.Bg2 f6 19.gxf6 Bxf6 20.h5 Bg5 21.Rxf8+ Nxf8 22.Be3 Nfd7
23.Rd1 Qe7 24.Qd2 Bxe3+ 25.Qxe3 Rf8 26.Qg3 Rf6 27.Ne2 Rh6 28.Nf4 Nf6 29.Qg5 Bc8
30.Qh4 Bd7 31.Qf2 Nfg4 32.Qg3 d5 33.exd5 Qc5+ 34.Kf1 Ne3+ 35.Ke2 Nxd1 36.dxe6 Bc6
37.Bxc6 Nxc6 38.Kxd1 Qd4+ 39.Kc1 Rf6 40.Nd3 Rxe6 41.Nc2 Qxc4 42.Kd2 Qxa2
43.Qc7 Qa5+ 44.b4 Qg5+ 45.Kc3 Qf6+ 46.Kd2 Qd8 47.Qg3 Ne5 48.Ne1 Nxd3 49.Nxd3 Rd6  0-1

[Event "Berliner Sommer"]
[Site "Berlin"]
[Date "1993.??.??"]
[Round "?"]
[White "Wahls, Matthias"]
[Black "Gik, Evgeny"]
[Result "1-0"]
[WhiteElo "2480"]
[BlackElo "2355"]

1.e4 c5 2.Nf3 e6 3.d4 cxd4 4.Nxd4 Nc6 5.Nb5 d6 6.Bf4 e5 7.Be3 Nf6 8.Bg5 Qa5+
9.Qd2 Nxe4 10.Qxa5 Nxa5 11.Be3 Kd7 12.f3 Nf6 13.Bxa7 d5 14.f4 exf4 15.N1c3 Nc6
16.Bb6 Ra6 17.Bg1 Kd8 18.O-O-O Bg4 19.Rd2 Bb4 20.a3 Re8 21.Bf2 Kc8 22.h3 Ne4
23.hxg4 Nxd2 24.Kxd2 Bxc3+ 25.Kxc3 Ne5 26.Na7+ Kc7 27.Bxa6 bxa6 28.Rxh7 Rg8
29.g5 Nc4 30.Bd4 Kb7 31.Rh4 Ne3 32.Rxf4  1-0

[Event "Wch U18"]
[Site "Bratislava"]
[Date "1993.??.??"]
[Round "6"]
[White "Sammalvuo, Tapani"]
[Black "Spangenberg, Hugo"]
[Result "1/2-1/2"]
[WhiteElo "2280"]
[BlackElo "2505"]

1.e4 c5 2.Nf3 e6 3.d4 cxd4 4.Nxd4 Nc6 5.Nb5 d6 6.c4 Nf6 7.N1c3 a6 8.Na3 b6
9.Be2 Bb7 10.O-O Be7 11.Be3 Nb8 12.f3 Nbd7 13.Qd2 O-O 14.Rfd1 Qc7 15.Rac1 Rac8
16.Qe1 Qb8 17.Qf2 Bd8 18.g3 Bc7 19.Rd2 h5 20.Nc2 Rfe8 21.Rcd1 Ba8 22.Nb4 Qb7
23.h3 Ne5 24.g4 hxg4 25.hxg4 b5 26.g5 bxc4 27.gxf6 Qxb4 28.f4 Ng6 29.f5 exf5
30.exf5 Rxe3 31.Qxe3 Bb6 32.Rd4 Qa5 33.fxg6 Qe5 34.Qf2 gxf6 35.g7 Qg5+ 36.Kf1 Kxg7
37.Rg4 Bxf2 38.Rxg5+ fxg5 39.Kxf2 Rb8 40.Rd2 d5 41.Nxd5 Bxd5 42.Rxd5 Rxb2
43.Rxg5+ Kf8 44.Ra5 c3 45.Rxa6 c2 46.Rc6 Rxa2 47.Ke3 Kg7 48.Bd3 Ra7 49.Bxc2 Rb7
50.Bd3 Ra7 51.Kf4 Rb7 52.Bc4 Ra7 53.Bd5 Rd7 54.Ke5 Re7+ 55.Kf5 Rd7 56.Be4 Ra7
57.Kg5 Ra5+ 58.Bf5 Ra7 59.Rc2 Re7 60.Rh2 Ra7  1/2-1/2

[Event "Bruchkoebel MT"]
[Site "Bruchkoebel"]
[Date "1993.??.??"]
[Round "6"]
[White "Lutz, Klaus Juergen"]
[Black "Kersten, Uwe"]
[Result "0-1"]
[WhiteElo "2270"]
[BlackElo "2300"]

1.e4 c5 2.Nf3 Nc6 3.d4 cxd4 4.Nxd4 e6 5.Nb5 d6 6.c4 Nf6 7.N1c3 a6 8.Na3 b6
9.Be2 Bb7 10.O-O Nb8 11.Qc2 Nbd7 12.f4 Rc8 13.Be3 Be7 14.Rfd1 Qc7 15.Bf3 Qb8
16.g4 h6 17.Qg2 g5 18.fxg5 hxg5 19.Rf1 Nh7 20.Rac1 Nhf8 21.Be2 Ng6 22.Nab1 Nf4
23.Bxf4 gxf4 24.Nd2 Ne5 25.b3 Rh4 26.h3 Qc7 27.Nf3 Rh7 28.Na4 Bxe4 29.c5 b5
30.Nc3 Qxc5+ 31.Kh2 Bb7 32.g5 Qe3 33.Nd5 exd5 34.Nxe5 dxe5 35.g6 Qg3+  0-1

[Event "Budapest FS12 IM-A"]
[Site "Budapest"]
[Date "1993.??.??"]
[Round "4"]
[White "Keschitz, Gyorgy"]
[Black "Kecskes, Gabor"]
[Result "1/2-1/2"]
[WhiteElo "2275"]
[BlackElo "2220"]

1.e4 c5 2.Nf3 e6 3.d4 cxd4 4.Nxd4 Nc6 5.Nb5 d6 6.c4 Nf6 7.N1c3 a6 8.Na3 Be7
9.Be2 O-O 10.O-O b6 11.Be3 Rb8 12.f4 Bb7 13.Bf3 Qc7 14.Rc1 Na5 15.Qe2 Rfc8
16.Kh1 Nd7 17.Rfd1 Bf8 18.Nd5 exd5 19.cxd5 Qd8 20.b4 b5 21.bxa5 Qxa5 22.Qb2 Rxc1
23.Rxc1 Rc8 24.Rxc8 Bxc8 25.Nc2 Nb6 26.Qa3 Na4 27.Nb4 g6 28.Bd4 Bb7 29.Bd1 h5
30.Kg1 h4 31.Kf2 Bc8 32.Kf3 Bd7 33.Bxa4 bxa4 34.Ba1 Qb5 35.Nd3 Bg7 36.Bxg7 Kxg7
37.Qb2+ Kg8 38.Ke3 Qc4 39.Qb8+ Kg7 40.Qxd6 Bb5 41.Qa3 Kg8 42.d6 Qc2 43.d7 Bxd7
44.Qb2 Qc8 45.Qc1 Qd8 46.Qc5 Bb5 47.Qd5 Qa5 48.Qc5 Qd8 49.Qd4 Qe8 50.Kd2 Qc6
51.Qf2 Qe6 52.Ke3 f5 53.Nc5 Qc4 54.Kf3 Bc6 55.Qe3 Qf1+ 56.Qf2 fxe4+ 57.Ke3 Qc1+
58.Kd4 Qa1+ 59.Kc4 Qc1+ 60.Kd4 Qd1+ 61.Ke3 Qc1+  1/2-1/2

[Event "Spring op"]
[Site "Budapest"]
[Date "1993.??.??"]
[Round "5"]
[White "Tomcsanyi, Peter"]
[Black "Varga, Zoltan"]
[Result "1/2-1/2"]
[WhiteElo "2275"]
[BlackElo "2450"]

1.e4 c5 2.Nf3 e6 3.d4 cxd4 4.Nxd4 Nc6 5.Nb5 d6 6.c4 Nf6 7.N1c3 a6 8.Na3 d5
9.exd5 exd5 10.cxd5 Nb4 11.Be2 Nfxd5 12.O-O Be6 13.Nxd5 Bxd5 14.Bd2 Nc6  1/2-1/2

[Event "Budapest FS07 GM"]
[Site "Budapest"]
[Date "1993.??.??"]
[Round "6"]
[White "Velicka, Petr"]
[Black "Gross, Stefan"]
[Result "1/2-1/2"]
[WhiteElo "2420"]
[BlackElo "2330"]

1.e4 c5 2.Nf3 e6 3.d4 cxd4 4.Nxd4 Nc6 5.Nb5 d6 6.c4 Nf6 7.N1c3 a6 8.Na3 Be7
9.Be3 b6 10.Be2 Bb7 11.O-O O-O 12.Qb3 Nd7 13.Rac1 Nc5 14.Qc2 Rc8 15.Rfd1 Qc7
16.f3 Bf6 17.Qb1 Nb4 18.Bf1  1/2-1/2

[Event "Budapest FS07 GM"]
[Site "Budapest"]
[Date "1993.??.??"]
[Round "8"]
[White "Vescovi, Giovanni"]
[Black "Gross, Stefan"]
[Result "1/2-1/2"]
[WhiteElo "2340"]
[BlackElo "2330"]

1.e4 c5 2.Nf3 e6 3.d4 cxd4 4.Nxd4 Nc6 5.Nb5 d6 6.c4 Nf6 7.N5c3 Be7 8.Be2 O-O
9.O-O b6 10.Bf4 Bb7 11.Re1 Rc8 12.Bf1 Rc7 13.Nd2 Qa8 14.Rc1 Rd7 15.Nb3 Rc8
16.Bg3 Nb4 17.a3 Na6 18.Qe2 Nc5 19.Nxc5 bxc5 20.Rcd1 Rdd8 21.h3 a5 22.Qc2 Bc6
23.Nd5 Bf8 24.Nb6 Bxe4 25.Qc3 Qa6 26.Nxc8 Rxc8 27.Bh4 Be7 28.Qd2 Bg6 29.b4 axb4
30.axb4 Qb7 31.Bxf6 Bxf6 32.b5 Bd4 33.Bd3 d5 34.Bxg6 hxg6 35.Qd3 Rb8 36.Rb1 Qc7
37.Re2 Qf4 38.Rc2 dxc4 39.Qe2 c3 40.b6 Qd6 41.Qb5 Rb7 42.Ra2 Kh7 43.Rc2 c4
44.Qxc4 Rxb6 45.Rxb6 Qxb6 46.Qe2 Qb1+ 47.Kh2 Qb8+ 48.g3 Qb7 49.Qg4 Qd5 50.Qd1 Bf6
51.Qe2 Qf5 52.Kg2 Qd5+  1/2-1/2

[Event "Budapest FS04 GM"]
[Site "Budapest"]
[Date "1993.??.??"]
[Round "9"]
[White "Leko, Peter"]
[Black "Van Mil, Johannes A J"]
[Result "1/2-1/2"]
[WhiteElo "2465"]
[BlackElo "2435"]

1.e4 c5 2.Nf3 e6 3.d4 cxd4 4.Nxd4 Nc6 5.Nb5 d6 6.c4 Nf6 7.N5c3 Be7 8.g3 O-O
9.Bg2 a6 10.O-O Rb8 11.Na3 Bd7 12.Be3 Qa5 13.Bd2 Qc7 14.Rc1 Ne5 15.Qe2 Rfc8
16.Rfd1 Be8 17.Kh1 Qb6 18.f4 Neg4 19.Be1 Qe3 20.Rc2 b5 21.h3 Qxe2 22.Rxe2 b4
23.hxg4 Nxg4 24.Bf3 h5 25.Nab1 bxc3 26.Bxg4 hxg4 27.b3 c2 28.Rxc2 Bc6 29.Nc3 f5
30.Kg1 fxe4 31.Re2 Rd8 32.Nxe4 d5 33.cxd5 exd5 34.Nf2 Bc5 35.Rc2 Bxf2+ 36.Bxf2 Rbc8
37.Rdc1 Bd7 38.Bd4 Rxc2 39.Rxc2 Rc8 40.Rxc8+ Bxc8 41.Kf2 Bf5 42.Ke3 Kf7 43.Be5 g6
44.Kd4 Ke6 45.Kc5 Bd3 46.b4 Kd7 47.a4 d4 48.b5 axb5 49.a5 Be4 50.Bxd4  1/2-1/2

[Event "Budapest FS04 GM"]
[Site "Budapest"]
[Date "1993.??.??"]
[Round "10"]
[White "Varga, Zoltan"]
[Black "Horvath, Jozsef"]
[Result "1/2-1/2"]
[WhiteElo "2450"]
[BlackElo "2535"]

1.e4 c5 2.Nf3 e6 3.d4 cxd4 4.Nxd4 Nc6 5.Nb5 d6 6.c4 Nf6 7.N1c3 a6 8.Na3 b6
9.Be3 Be7 10.Be2 Bb7 11.O-O Nb8 12.f3 Nbd7 13.Qd2 O-O 14.Rfd1 Rc8 15.Rac1 Re8
16.Bf1 Qc7 17.Qf2 Bf8 18.Kh1 Ba8 19.Nc2 Qb8 20.Ne1 Bc6 21.Nd3 Ba8 22.Ne1 Bc6
23.Nd3 Ba8  1/2-1/2

[Event "Buenos Aires Najdorf"]
[Site "Buenos Aires"]
[Date "1993.??.??"]
[Round "3"]
[White "Zarnicki, Pablo"]
[Black "Milos, Gilberto"]
[Result "0-1"]
[WhiteElo "2470"]
[BlackElo "2560"]

1.e4 c5 2.Nf3 e6 3.d4 cxd4 4.Nxd4 Nc6 5.Nb5 d6 6.c4 Nf6 7.N1c3 a6 8.Na3 b6
9.Be2 Bb7 10.O-O Nb8 11.f3 Nbd7 12.Bf4 Qc7 13.Qd2 Be7 14.Rfd1 Ne5 15.Rac1 O-O
16.Bf1 Rac8 17.Bg3 Rfe8 18.Qe1 Qb8 19.f4 Ng6 20.Qe2 Qa8 21.Re1 h5 22.e5 dxe5
23.fxe5 Bc5+ 24.Kh1 Ng4 25.Nc2 Nf2+ 26.Bxf2 Nf4 27.Qe4 Bxe4 28.Nxe4 Bxf2
29.Nxf2 Rxc4  0-1

[Event "Buenos Aires Najdorf op"]
[Site "Buenos Aires"]
[Date "1993.??.??"]
[Round "11"]
[White "Ginzburg, Maximiliano"]
[Black "Needleman, Alejandro"]
[Result "0-1"]
[WhiteElo "2275"]
[BlackElo "2355"]

1.e4 c5 2.Nf3 e6 3.d4 cxd4 4.Nxd4 Nc6 5.Nb5 d6 6.c4 Nf6 7.N5c3 Be7 8.Be2 O-O
9.O-O a6 10.Na3 Bd7 11.Bf4 Ne5 12.Qd4 Bc6 13.Rfd1 Qb8 14.Qe3 Rc8 15.c5 Nfd7
16.cxd6 Bxd6 17.Nc2 Nc4 18.Bxc4 Bxf4 19.Qh3 b5 20.Nb4 bxc4 21.Nxc6 Rxc6 22.Rxd7 Qxb2
23.Rb1 Qc2 24.Qf3 Be5 25.Qxf7+ Kh8 26.Rbd1 Rcc8 27.f4 Bxc3 28.e5 Qg6 29.Qe7 h6
30.f5 exf5 31.h4 Re8  0-1

[Event "Cannes op"]
[Site "Cannes"]
[Date "1993.??.??"]
[Round "5"]
[White "Santo Roman, Marc"]
[Black "Cebalo, Miso"]
[Result "0-1"]
[WhiteElo "2410"]
[BlackElo "2485"]

1.e4 c5 2.Nf3 e6 3.d4 cxd4 4.Nxd4 Nc6 5.Nb5 d6 6.c4 Nf6 7.N1c3 a6 8.Na3 Be7
9.Be2 b6 10.O-O Bb7 11.Be3 Nb8 12.f3 Nbd7 13.Qd2 Qc7 14.Rac1 Rc8 15.Rfd1 O-O
16.Bf1 Qb8 17.Kh1 Rfe8 18.Qf2 Bd8 19.Qg3 Ne5 20.b3 Kh8 21.Nab1 h6 22.Qh3 Ng6
23.Re1 Bc7 24.Rcd1 Kg8 25.Ne2 Rcd8 26.Nf4 Nxf4 27.Bxf4 d5 28.Bxc7 Qxc7 29.e5 Nh7
30.cxd5 Rxd5 31.Rxd5 Bxd5 32.Bd3 Rd8 33.Qg3 Nf8 34.f4 Qc6 35.Bf1 Ng6 36.Nc3 Nxf4
37.Nxd5 Nxd5 38.Bd3 Ne7 39.Bb1 Rd2 40.h3 Qd5 41.Kh2 Nf5 42.Bxf5 exf5 43.Rf1 Qe4  0-1

[Event "Capablanca mem-A"]
[Site "?"]
[Date "1993.??.??"]
[Round "1"]
[White "Aldama, Degurnay"]
[Black "Spangenberg, Hugo"]
[Result "0-1"]
[WhiteElo "2470"]
[BlackElo "2505"]

1.e4 c5 2.Nf3 e6 3.d4 cxd4 4.Nxd4 Nc6 5.Nb5 d6 6.c4 Nf6 7.N1c3 a6 8.Na3 b6
9.Be2 Bb7 10.O-O Nb8 11.Be3 Nbd7 12.f3 Be7 13.Qd2 Qc7 14.Rfd1 O-O 15.Rac1 Rac8
16.Bf1 Rfe8 17.Qf2 Qb8 18.Kh1 Bd8 19.b4 Bc7 20.b5 a5 21.Na4 Nc5 22.Nxc5 dxc5
23.Qh4 Rcd8 24.Nc2 Nd7 25.Rd2 Ne5 26.Rcd1 Rxd2 27.Rxd2 Ng6 28.Qh5 Rd8 29.Kg1 Rxd2
30.Bxd2 Qd8 31.Be3 Qd1 32.Na3 Qe1 33.Bf2 Qc1 34.Bg3 Bxg3 35.hxg3 f6 36.Qg4 Kf7
37.f4 Qxa3 38.f5 Qe3+ 39.Kh1 exf5 40.exf5  0-1

[Event "Cappelle op"]
[Site "Cappelle la Grande"]
[Date "1993.??.??"]
[Round "1"]
[White "Guedon, Stephanne"]
[Black "Kallai, Gabor"]
[Result "1/2-1/2"]
[WhiteElo "2220"]
[BlackElo "2450"]

1.e4 c5 2.Nf3 e6 3.d4 cxd4 4.Nxd4 Nc6 5.Nb5 d6 6.c4 Nf6 7.N1c3 a6 8.Na3 b6
9.Be2 Bb7 10.f4 d5 11.cxd5 exd5 12.e5 d4 13.exf6 dxc3 14.Qxd8+ Rxd8 15.bxc3 gxf6
16.Nc2 Bc5 17.Be3 Bxe3 18.Nxe3 O-O 19.Kf2 Na5 20.Rhd1 Rc8 21.Rac1 b5 22.Rd6 Rfd8
23.Rcd1 Rxd6 24.Rxd6 Kf8 25.Nf5 Be4 26.Rxa6 Bxf5 27.Rxa5 Rxc3 28.Rxb5 Be4
29.Rb2 f5 30.a4 Ra3 31.Bb5 Ke7 32.Rd2 h6 33.g3 Kf6 34.Ke2 Ke7 35.Ke1 Ra1+
36.Rd1 Ra3 37.Rd2 Ra1+ 38.Ke2 Ra3 39.Rd7+ Kf6 40.Kd2 Ra2+ 41.Ke3 Rxh2 42.Bc4 Rg2
43.Rxf7+ Kg6 44.Rf8 Rxg3+ 45.Kd4 Ra3 46.Bb5 Kg7 47.Rc8 h5 48.Rc7+ Kh6 49.Rc8 Kg7
50.Rc7+ Kh6 51.Rc8  1/2-1/2

[Event "Cappelle op"]
[Site "Cappelle la Grande"]
[Date "1993.??.??"]
[Round "5"]
[White "Guedon, Stephanne"]
[Black "Duer, Arne"]
[Result "1/2-1/2"]
[WhiteElo "2220"]
[BlackElo "2390"]

1.e4 c5 2.Nf3 e6 3.d4 cxd4 4.Nxd4 Nc6 5.Nb5 d6 6.c4 Nf6 7.N1c3 a6 8.Na3 Be7
9.Be2 O-O 10.O-O b6 11.Be3 Bb7 12.Qb3 Nd7 13.Rfd1 Nc5 14.Qc2 Qc7 15.Qd2 Rfd8
16.Rac1 Rac8 17.f3 Qb8 18.Bf1 Ne5 19.Qf2 Ba8 20.Kh1 h6 21.Nab1 Re8 22.b4 Ncd7
23.Nd2 Bd8 24.Na4 Bc7 25.Nb3 Rcd8 26.Qc2 Nf6 27.Bg1 Ned7 28.Nb2 Bb7 29.a4 Rc8
30.Qf2 d5 31.exd5 exd5 32.c5 bxc5 33.bxc5 Bf4 34.Rc2 Bc6 35.Nd4 Qa8 36.Re1 Be5
37.Qd2 Nh5 38.Qa5 Nb8 39.Nd3 Bc7 40.Rxe8+ Bxe8 41.Qb4 Nc6 42.Nxc6 Bxc6 43.Qh4 Nf6
44.Nb4 a5 45.Nxc6 Qxc6 46.Bb5 Qe6 47.Bd3 Qc6 48.Re2 Bd8 49.Bb5 Qc7 50.Bd4 Be7
51.Qe1 Bf8 52.Qc3 Bxc5 53.Bxf6 gxf6 54.Qxf6 Be7 55.Qd4 Qc1+ 56.Qg1 Qxg1+
57.Kxg1 Rc1+ 58.Kf2 Bc5+ 59.Kg3 Kg7 60.Rd2 d4 61.Kf4 Kf6 62.Re2 Rc3 63.g4 Re3  1/2-1/2

[Event "Ceuta"]
[Site "Ceuta"]
[Date "1993.??.??"]
[Round "4"]
[White "Gomez Esteban, Juan Mario"]
[Black "Sion Castro, Marcelino"]
[Result "1-0"]
[WhiteElo "2450"]
[BlackElo "2385"]

1.e4 c5 2.Nf3 e6 3.d4 cxd4 4.Nxd4 Nc6 5.Nb5 d6 6.c4 Nf6 7.N5c3 Be7 8.Be2 O-O
9.O-O b6 10.f4 Bb7 11.Bf3 Rc8 12.b3 a6 13.Bb2 b5 14.cxb5 Qb6+ 15.Kh1 axb5
16.Na3 Ba6 17.Nc2 Rfd8 18.Re1 b4 19.Nd5 exd5 20.exd5 Nxd5 21.Bxd5 Bf8 22.Bxf7+ Kh8
23.Ne3 d5 24.Be6 Rb8 25.Qh5 d4 26.Bf5 h6 27.Qg6 Kg8 28.Ng4  1-0

[Event "CZE-chT"]
[Site "?"]
[Date "1993.??.??"]
[Round "?"]
[White "Divis, Josef"]
[Black "Efler, David"]
[Result "1-0"]
[WhiteElo "2265"]
[BlackElo "2305"]

1.e4 c5 2.Nf3 Nc6 3.d4 cxd4 4.Nxd4 e6 5.Nb5 d6 6.c4 Be7 7.N1c3 a6 8.Na3 Nf6
9.Be2 d5 10.cxd5 exd5 11.exd5 Nb4 12.Bf3 Bf5 13.O-O O-O 14.Be3 Rc8 15.Qb3 b5
16.Rfd1 Bd6 17.Be2 Re8 18.Rd2 h6 19.Rad1 Ng4 20.Rd4 Bxh2+ 21.Kf1 Nxe3+ 22.fxe3 a5
23.e4 Bg6 24.Naxb5 Be5 25.R4d2 Qf6+ 26.Bf3 Bf4 27.Rf2 Bg3 28.Rdd2 Bxf2 29.Rxf2 Nd3
30.Rd2 Ne5 31.Rf2 Qh4 32.d6 Rcd8 33.Qd1 Re6 34.Nd5 Kh7 35.Qd4 Nc6 36.Qc5 Ne5
37.Qd4 Nxf3 38.gxf3 Qh3+ 39.Ke2 Bh5 40.Nf4 Qh4 41.Nxe6 fxe6 42.Qe5 Rf8 43.Nd4 Rf4
44.Ke3 Rf7 45.Nxe6 Qh1 46.Kd2 Qg1 47.Qd4 Bxf3 48.Rxf3 Qh2+ 49.Kc1 Qh1+ 50.Qd1  1-0

[Event "Dhaka"]
[Site "Dhaka"]
[Date "1993.??.??"]
[Round "?"]
[White "Barua, Dibyendu"]
[Black "Mishra, Neeraj Kumar"]
[Result "0-1"]
[WhiteElo "2530"]
[BlackElo "2365"]

1.e4 c5 2.Nf3 e6 3.d4 cxd4 4.Nxd4 Nc6 5.Nb5 d6 6.c4 Nf6 7.N1c3 a6 8.Na3 Be7
9.Be2 O-O 10.O-O b6 11.Be3 Bb7 12.f3 Ne5 13.Qe1 Qc7 14.Qf2 Ned7 15.Rac1 Rac8
16.Rfd1 Rfe8 17.Nc2 Bf8 18.Bf1 d5 19.cxd5 exd5 20.exd5 Bd6 21.g3 Qb8 22.Bh3 b5
23.a3 Rc7 24.Nd4 Ne5 25.Nf5 Bf8 26.Bg2 Bc8 27.Qc2 a5 28.d6 Rc4 29.Ne7+ Bxe7
30.dxe7 b4 31.axb4 axb4 32.f4 Neg4 33.Qa4 Bd7 34.Rxd7 Nxd7 35.Qxd7 Nxe3 36.Bc6 Rxc6
37.Qxc6 bxc3 38.Rxc3 Nf5 39.Qd7 Nxe7 40.Re3 Kf8 41.b3 Qd8 42.Qa7 Qd6  0-1

[Event "Doha"]
[Site "Doha"]
[Date "1993.??.??"]
[Round "9"]
[White "Barcenilla, Rogelio"]
[Black "Al Khateeb, Ahmed"]
[Result "0-1"]
[WhiteElo "2465"]
[BlackElo "2300"]

1.e4 c5 2.Nf3 Nc6 3.d4 cxd4 4.Nxd4 e6 5.Nb5 d6 6.a4 a6 7.N5a3 Nf6 8.Nc3 d5
9.exd5 exd5 10.Bg5 Bb4 11.Qe2+ Be6 12.O-O-O Bxc3 13.bxc3 Qa5 14.Bxf6 gxf6
15.Kb2 O-O-O 16.Qf3 Rhg8 17.h3 Ne5 18.Qf4 Nc6 19.Nb1 d4 20.cxd4 Qb4+ 21.Kc1 Nxd4
22.Qe3 Rg5 23.Qc3+ Rc5 24.Rxd4 Rxd4 25.Qxb4 Rxb4 26.Bd3 Bf5 27.Rd1 Rxa4 28.g4 Bxd3
29.Rxd3 Rf4 30.f3 f5 31.Nd2 fxg4 32.hxg4 f5 33.Nb3 Re5 34.g5 Rh4 35.Rc3+ Kb8
36.Nc5 Rd5 37.Ne6 Rd6 38.Re3 f4 39.Re4 Rh3 40.Nd4 Rg3 41.Rxf4 Rxg5 42.Kd2 a5
43.Kc3 Rgd5 44.Nb3 Rc6+ 45.Kb2 Rb5 46.c4 Rbb6 47.Kc2 a4 48.Nd2 a3  0-1

[Event "Arab-ch8 Doha"]
[Site "Doha"]
[Date "1993.??.??"]
[Round "11"]
[White "Dekar, Lies"]
[Black "Hamid, Mansour Kadi"]
[Result "1-0"]
[WhiteElo "2255"]
[BlackElo "2270"]

1.e4 c5 2.Nf3 e6 3.d4 cxd4 4.Nxd4 Nc6 5.Nb5 d6 6.c4 Nf6 7.N1c3 a6 8.Na3 d5
9.cxd5 exd5 10.exd5 Nb4 11.Be2 Bf5 12.O-O Be7 13.Nc4 Nc2 14.Ne3 Nxe3 15.fxe3 Bg6
16.e4 O-O 17.Bf3 Re8 18.Kh1 Bb4 19.Bg5 Qd6 20.Bxf6 Qxf6 21.Bh5 Bxh5 22.Qxh5 Qg6
23.Qxg6 hxg6 24.Rfe1 Rac8 25.Re3 Rc4 26.Rae1 Bc5 27.Rd3 f6 28.g3 Bd4 29.d6 Rd8
30.Nd5 Be5 31.b3 Rc5 32.d7 Kf7 33.Nb6 Rc6 34.Nc8 Ke6 35.Red1 b5 36.a4 Rc7
37.Nb6 Rb7 38.a5 Bc7 39.Nc8 Be5 40.Nb6 Bc7 41.Kg2 Bxb6 42.Rd6+ Ke7 43.axb6 a5
44.e5 fxe5 45.Rxg6 Kf7 46.Rc6 a4 47.bxa4 bxa4 48.Rd5 Rbxd7 49.Rxd7+ Rxd7
50.Rc7 Ke6 51.Ra7 Rd2+ 52.Kh3 Rb2 53.Rxg7 Kf5 54.Ra7 Rxb6 55.Rxa4 Rb2 56.Rh4 Re2
57.Rb4  1-0

[Event "Eger op"]
[Site "Eger"]
[Date "1993.??.??"]
[Round "1"]
[White "Kovac, Boris"]
[Black "Toth, Andras"]
[Result "1-0"]
[WhiteElo "2355"]
[BlackElo "2075"]

1.e4 c5 2.Nf3 e6 3.d4 cxd4 4.Nxd4 Nc6 5.Nb5 Nf6 6.Bf4 e5 7.Bg5 d6 8.N1c3 a6
9.Na3 b5 10.Bxf6 gxf6 11.Nd5 f5 12.Bd3 fxe4 13.Bxe4 Bb7 14.c3 Rc8 15.Qf3 Bg7
16.Nc2 Na5 17.Nce3 Nc4 18.Nf5 Kf8 19.b3 Nb6 20.Nxb6 Bxe4 21.Qxe4 Qxb6 22.O-O Bf6
23.Rfd1 Be7 24.Rd3 Rg8 25.Ne3 Rg6 26.Nd5 Qc5 27.Rad1 a5 28.Rf3 f6 29.Rh3 Bd8
30.Rxh7 Rg5 31.Qh4 Ke8 32.Qh3 f5 33.Qh6  1-0